[Event "Chesscup Blitz 2020"]
[Site "Katowice"]
[Date "2020.09.12"]
[Round "12.1"]
[White "Teclaf, Pawel"]
[Black "Koziak, Vitali"]
[Result "1-0"]
[WhiteElo "2464"]
[BlackElo "2434"]
[Annotator "TA"]
[PlyCount "81"]
[EventDate "2020.09.12"]
[EventType "swiss"]
[EventCountry "POL"]
[SourceTitle "playchess.com"]
[Source "ChessBase"]
[SourceQuality "1"]

{[%evp 9,81,9,16,20,17,9,16,27,18,25,31,-6,-19,-45,0,-5,0,-133,-120,-112,-114,-149,-135,-156,-130,-128,32,44,130,89,326,312,331,314,328,326,330,308,289,277,527,518,810,600,586,572,850,836,871,641,641,633,1035,1056,1215,1214,1835,1815,29991,29992,29992,29993,29993,29988,29989,29989,29989,29990,29991,29990,29991,6000,12831,11214]} 1. Nf3 d5 2. e3 Nf6 3. b3 c6 4. Bb2 Bg4 5. h3 Bh5 6. d3 {A06: Réti Opening: 1 Nf3 d5.} e6 7. Nbd2 a5 8. a3 {The position is equal.} Nbd7 9. g4 Bg6 {[#]} 10. Bg2 $146 ({Predecessor:} 10. Nh4 Qb6 11. Bg2 a4 12. b4 c5 13. Nxg6 hxg6 14. c3 Ne5 15. Qe2 g5 16. c4 {0-1 (61) Nikolac,J (2480)-Kovacevic,V (2510) Maribor 1980}) 10... h6 11. Qe2 Be7 12. e4 O-O 13. h4 (13. O-O $11) 13... Nxg4 $17 14. h5 {[#]} Bh7 $1 15. O-O-O a4 16. b4 c5 17. b5 Bf6 $2 (17... Ngf6 $17 18. c4 d4) 18. e5 $1 $14 {[%cal Re5f6]} Bg5 ({Black should play} 18... Be7 $1 $14) 19. Bh3 Bf5 $2 {[#] This move loses the game for Black.} (19... Bf4 $16) 20. Nxg5 $18 ({Resist} 20. Rdg1 Ndxe5 21. Nxe5 Nxe5 $18) 20... Qxg5 21. Rhg1 d4 22. Bxg4 Bxg4 23. Rxg4 Qxe5 24. Qf3 f5 $2 (24... Nf6 25. Rgg1 Nxh5) 25. Rg6 Nf6 (25... Rf7 $142 26. Rdg1 Nb6 27. Rxh6 Rd8) 26. Nc4 Qc7 27. Rdg1 Rf7 28. b6 Qh2 29. Rh1 Qb8 30. Qg2 Qf4+ 31. Kb1 Ng4 32. f3 Ne3 33. Nxe3 dxe3 34. Rxg7+ Kf8 35. Rxf7+ Kxf7 36. Qg7+ Ke8 37. Qg8+ Kd7 38. Qxa8 Qxf3 39. Re1 e2 40. Qa5 (40. Bf6 $142 f4 41. Qd8+ Kc6 42. c4 Qxd3+ 43. Qxd3 Kxb6 44. Qd8+ Ka6 45. Qb8 e5 46. Bd8 f3 47. Qa8#) 40... Kc6 41. Qd2 {Accuracy: White = 78%, Black = 35%.} 1-0

[Event "Chesscup Blitz 2020"]
[Site "Katowice"]
[Date "2020.09.12"]
[Round "12.2"]
[White "Piorun, Kacper"]
[Black "Flak, Pawel"]
[Result "1-0"]
[WhiteElo "2596"]
[BlackElo "2157"]
[Annotator "TA"]
[PlyCount "46"]
[EventDate "2020.09.12"]
[EventType "swiss"]
[EventCountry "POL"]
[SourceTitle "playchess.com"]
[Source "ChessBase"]
[SourceQuality "1"]

{[%evp 15,46,2,22,-3,3,-42,12,0,96,87,70,59,124,74,162,125,279,211,179,106,100,41,102,92,168,38,529,510,545,504,972,926,1135]} 1. d4 b6 2. Nf3 Bb7 3. e3 Nf6 4. b3 e6 5. Bb2 Be7 6. Bd3 O-O 7. O-O Ne4 8. Nfd2 f5 9. f3 {A47: 1 d4 Nf6 2 Nf3 b6: Torre, London and Colle Systems.} Nf6 10. e4 fxe4 ({Black should try} 10... c5 $15) 11. fxe4 $11 {[#] The position is equal.} d5 $146 (11... Nc6 $11) ({Predecessor:} 11... Qe8 12. Nc3 Nc6 13. Nb5 Rc8 14. c4 a6 15. Na3 e5 16. d5 Bc5+ 17. Kh1 Nd4 {½-½ (65) Shaydullina,S (2110)-Lingur,Z (2182) Kolomna 2016}) 12. e5 Ne4 13. Rxf8+ Bxf8 (13... Qxf8 $14 14. Qe2 Qf5) 14. Qe2 {[%cal Rd2e4]} Nxd2 (14... c5 $16) 15. Nxd2 $18 c5 $2 (15... Nc6 $16 {was worth a try.}) 16. Rf1 Qe8 {[#]} 17. Nf3 (17. Qg4 $1 $18) 17... Be7 $16 18. Bc1 ({White should play} 18. Ne1 $16) 18... a5 (18... Nc6 $14) 19. dxc5 Bxc5+ (19... bxc5 $16 20. Ng5 Bxg5 21. Bxg5 Nc6) 20. Kh1 ({White must play} 20. Be3 $18 Nd7 21. Ng5) 20... h6 $2 {[%mdl 8192]} (20... Qh5 $1 $14) 21. Nh4 $18 {White is clearly winning.} Ba6 {[#]} 22. c4 $1 dxc4 (22... Nc6 $142 23. Bxh6 Ra7) 23. bxc4 Bb7 {Accuracy: White = 43%, Black = 22%.} 1-0

[Event "Chesscup Blitz 2020"]
[Site "Katowice"]
[Date "2020.09.12"]
[Round "12.3"]
[White "Miton, Kamil"]
[Black "Klekowski, Maciej"]
[Result "0-1"]
[WhiteElo "2590"]
[BlackElo "2511"]
[Annotator "TA"]
[PlyCount "82"]
[EventDate "2020.09.12"]
[EventType "swiss"]
[EventCountry "POL"]
[SourceTitle "playchess.com"]
[Source "ChessBase"]
[SourceQuality "1"]

{[%evp 9,81,21,20,32,26,6,34,0,0,0,-3,-6,-6,0,-4,-14,-10,-20,-16,-13,-10,-24,-20,-57,-27,-50,-14,-18,-25,-76,0,0,0,0,0,0,0,-35,-35,-30,0,-26,0,0,23,0,258,231,462,312,252,94,72,-260,-240,-5606,-5510,-2044,-1990,-29990,-1783,-29989,-12829,-5005,-2237,-29991,-29978,-29994,-29990,-29994,-29995,-29996,-29997,-29999]} 1. d4 f5 2. Nc3 d5 3. Bf4 e6 4. e3 Nf6 5. Nf3 a6 6. Bd3 {A80: Dutch Defence: Unusual White second moves.} c5 7. O-O Nc6 8. Ne5 {White is slightly better.} (8. dxc5 {keeps more tension.} Bxc5 9. Ne2 Qe7 10. Ned4 O-O 11. c4) 8... Nxe5 9. Bxe5 Bd6 10. Bxd6 Qxd6 {[#]} 11. dxc5 $146 ({Predecessor:} 11. Qf3 Bd7 12. Qf4 Qxf4 13. exf4 b6 14. Rfe1 Kf7 15. f3 h6 16. a4 g5 17. a5 gxf4 18. axb6 {0-1 (39) Dimitrov,R (2437)-Bernadskiy,V (2510) Sunny Beach 2013}) 11... Qxc5 12. Ne2 O-O 13. a4 e5 {aiming for ...e4.} 14. c3 Be6 15. Bc2 Kh8 16. Bb3 Rad8 17. Nc1 Bf7 18. Nd3 Qc7 19. h3 (19. a5 $11 {keeps the balance.}) 19... f4 (19... g5 $17) 20. exf4 $11 exf4 21. Re1 Bh5 22. f3 d4 23. c4 (23. Rc1 {with more complications.} dxc3 24. Rxc3 Qb6+ 25. Kh2 Bg6 26. Bc4) 23... Rfe8 24. Rxe8+ $1 Rxe8 25. c5 Re3 $36 {[%mdl 2048] Black has some pressure.} 26. Rc1 Ne4 27. Qc2 Ng5 $2 {[%mdl 8192]} (27... Bxf3 $11 {and Black stays safe.} 28. gxf3 Rxf3) 28. c6 $1 $18 {Strongly threatening Qc5!} b6 $2 (28... h6 29. Qc5 Bf7) 29. Qc4 {[%csl Gb3][%cal Rc4g8]} Bf7 {[#]} 30. Qxd4 $2 (30. Qb4 $1 $18 {[%cal Rb4f8] is the precise move to win. Threatening mate with Qf8+.} Bxb3 31. Qxb3) 30... Bxb3 $16 31. Nxf4 $2 {[%mdl 8192] [#] This costs White the game.} (31. Qxf4 $16 Qxf4 32. Nxf4) 31... Rxf3 $1 $19 {[%mdl 512]} 32. h4 $2 (32. Re1 Bg8 33. Ng6+ hxg6 34. Qh4+ Nh7 35. gxf3 Qxc6 36. Qe4 Qc5+ 37. Qe3) (32. gxf3 Nxf3+) 32... Rxf4 33. Qe3 Ne4 34. Qd4 Bg8 (34... Rxh4 $142 35. Qe3 Qh2+ 36. Kf1 Rf4+ 37. Ke2 Qxg2+ 38. Kd3 Nf2+ 39. Kd2 Nd1+ {[%mdl 64] Double Attack} 40. Qe2 Rd4+ 41. Ke1 Qg1+ 42. Qf1 Qg3+ 43. Ke2 Qe3#) 35. a5 bxa5 (35... Rxh4 $142 36. Qe3 Qh2+ 37. Kf1 Rf4+ 38. Ke2 Qxg2+ 39. Kd3 Nf2+ 40. Kc2 {[#]} Nd1+ $1 {[%mdl 576] Double Attack} 41. Kd3 Nxe3 42. b3 Bxb3 43. Kxe3 Qf2+ 44. Kd3 Rf3+ 45. Ke4 Qe3#) 36. Re1 Nf6 37. Qc5 Rc4 {Black mates.} 38. Qf8 Qxc6 39. Re7 Rc1+ 40. Kh2 Qd6+ 41. Kh3 Rh1# {Accuracy: White = 51%, Black = 63%.} 0-1

[Event "Chesscup Blitz 2020"]
[Site "Katowice"]
[Date "2020.09.12"]
[Round "12.4"]
[White "Janik, Igor"]
[Black "Walter, Szymon"]
[Result "1-0"]
[WhiteElo "2470"]
[BlackElo "2227"]
[Annotator "TA"]
[PlyCount "77"]
[EventDate "2020.09.12"]
[EventType "swiss"]
[EventCountry "POL"]
[SourceTitle "playchess.com"]
[Source "ChessBase"]
[SourceQuality "1"]

{[%evp 14,77,42,25,44,39,51,47,62,61,86,81,117,99,113,71,75,66,66,66,66,66,62,65,86,79,102,46,59,-47,-60,-122,158,153,155,104,140,143,135,141,123,124,120,82,169,160,155,128,196,213,296,290,300,293,475,468,675,654,659,648,1175,1122,1103,1048,5693,5551]} 1. c4 Nf6 2. Nf3 g6 3. g3 Bg7 4. Bg2 O-O 5. O-O d6 6. d4 Nc6 7. Nc3 Bg4 8. Ne1 e5 {E62: King's Indian: Fianchetto: 6...c6 and Panno Variation (6...Nc6) without ...a6.} 9. d5 Ne7 10. f3 Bd7 {White is slightly better.} 11. e4 h5 12. Nd3 {[#]} Qc8 $146 ({Predecessor:} 12... c6 13. Be3 cxd5 14. cxd5 b5 15. Qb3 a5 16. Rfc1 Qb8 17. Bf1 Kh7 18. Nf2 b4 {1-0 (46) Janik,I (2471)-Walter,S (2288) Warsaw 2020}) 13. c5 Bh3 14. cxd6 cxd6 15. Bg5 Bxg2 16. Kxg2 Qd7 17. Qa4 Qxa4 18. Nxa4 Rfe8 19. Rac1 Rac8 20. Be3 ({White should try} 20. Nc3 $16) 20... Nd7 21. Bxa7 ({White should play} 21. Nc3 $14) 21... Ra8 $15 22. Nb6 (22. Rc7 $15 Rxa7 23. Nc3) 22... Nxb6 $4 {[%mdl 8192] [#]} (22... Rxa7 $17 {keeps the pressure on.} 23. Nxd7 b5 24. N7xe5 (24. Nb6 $2 Rb8 $19) 24... Bxe5 25. Nxe5 dxe5) 23. Bxb6 $16 Rxa2 24. Bc7 (24. Rc7 $142) 24... Bf8 25. Ra1 Rea8 26. Rxa2 Rxa2 27. Rc1 $36 {[%mdl 2048] Keeping Black busy.} Nc8 28. Rc3 Na7 (28... Ra8 $16) 29. Rb3 $18 b5 30. Bb8 Nc8 (30... Ra1 $16 31. h4 f5) 31. Rxb5 f5 32. Bc7 Ra7 33. Ba5 Rf7 $2 (33... Ne7 {keeps fighting.} 34. Bc3 Rc7) 34. Rb8 {White is clearly winning.} Ne7 (34... Ra7 $142 35. b4 (35. Rxc8 Rxa5 36. h4 Ra4 $16) 35... Ne7) 35. Bb4 fxe4 36. fxe4 Rf6 {[#]} 37. Nxe5 $1 {[%mdl 512]} Kg7 (37... dxe5 38. Bxe7) 38. Nd7 Rf7 39. Nxf8 {Accuracy: White = 70%, Black = 46%.} 1-0

[Event "Chesscup Blitz 2020"]
[Site "Katowice"]
[Date "2020.09.12"]
[Round "12.5"]
[White "Sadzikowski, Daniel"]
[Black "Jakubowski, Krzysztof"]
[Result "1/2-1/2"]
[WhiteElo "2413"]
[BlackElo "2481"]
[Annotator "TA"]
[PlyCount "129"]
[EventDate "2020.09.12"]
[EventType "swiss"]
[EventCountry "POL"]
[SourceTitle "playchess.com"]
[Source "ChessBase"]
[SourceQuality "1"]

{[%evp 14,129,29,27,27,27,26,27,28,26,27,21,19,0,35,26,22,12,77,79,93,83,111,116,100,50,79,42,695,401,867,823,1137,1104,1096,856,964,737,822,544,487,372,321,305,282,307,294,280,543,236,212,213,434,439,431,416,414,397,671,666,595,568,561,559,565,538,12799,29971,29948,12799,12799,12799,12799,12799,12799,12798,12791,5342,5385,5292,5252,5175,29989,29990,29990,29987,29987,29988,29988,807,779,0,0,0,0,0,0,0,0,0,0,0,0,0,0,0,0,0,0,0,0,0,0,0,0,0,0,0]} 1. d4 Nf6 2. c4 e6 3. Nf3 d5 4. Nc3 Nbd7 5. Bf4 dxc4 6. e3 Nd5 7. Bxc4 Nxf4 8. exf4 Nb6 $1 {8...Nb6 scores better than 8...Bd6. D37: Queen's Gambit Declined: 5 Bf4.} 9. Bb3 g6 10. g3 Bg7 {White has an edge.} 11. O-O O-O 12. h4 a5 {[#]} 13. a3 $146 ({Predecessor:} 13. Ne5 Qe7 14. Qc2 Rd8 15. Rad1 Bd7 16. a3 a4 17. Ba2 Bxe5 18. fxe5 Bc6 19. Qe2 {½-½ (51) Sadzikowski,D (2522)-Jakubowski,K (2481) Warsaw 2020}) 13... c6 14. Re1 Nd5 15. Ne4 b6 (15... Nf6 $11 {remains equal.}) 16. Ne5 Bb7 17. Rc1 Rc8 18. h5 Qe7 19. hxg6 hxg6 20. Ng5 Ba8 $2 {[%mdl 8192]} (20... Bxe5 $14 21. dxe5 c5) 21. Qg4 c5 (21... Bxe5 $142 22. Qh3 (22. dxe5 Kg7 $16) (22. Rxe5 Nf6 $18) (22. fxe5 Kg7 $16) 22... Qxg5 23. fxg5 Bxd4 24. Rxe6 Rcd8) 22. Qh3 $18 {[%csl Gg5][%cal Rh3h7]} Nf6 {[#]} 23. Nxg6 $1 {[%cal Rg6e7][%mdl 512]} Qb7 (23... fxg6 24. Rxe6) 24. Nxf8 Kxf8 25. dxc5 Rxc5 26. Rxc5 bxc5 27. Bd1 Qxb2 28. Bf3 Bxf3 29. Nxf3 Qxa3 30. Ne5 Qc3 $2 (30... Nd5 {was worth a try.} 31. Qh4 Ke8) 31. Qf1 (31. Rb1 $142) 31... Nd5 32. Rc1 Bxe5 $2 (32... Qa3 33. Rxc5 Bxe5 34. Rc8+ Kg7) 33. Rxc3 Bxc3 34. Qb5 Bb4 35. Kg2 Nc3 $2 (35... Nf6 36. Qb7 Kg7) 36. Qb8+ Ke7 37. Qc7+ Ke8 38. g4 a4 39. f5 {White wants to mate with f6.} exf5 40. gxf5 f6 41. Qc6+ (41. Qd6 $142 a3 42. Qxf6 a2 43. Qe6+ Kd8 44. Qd6+ Kc8 45. Qa6+ Kd7 46. f6) 41... Ke7 42. Qe6+ Kd8 43. Qxf6+ Kc7 44. Qe7+ Kb6 45. Qd8+ (45. f6 $142 Ka5 46. f7) 45... Kb5 46. Qd7+ Kc4 47. f6 {Intending f7 and mate.} a3 48. f7 a2 49. Qa7 Kb3 50. f8=Q Kb2 51. Qxa2+ (51. Qfa8 $142 Ka1 52. f4 c4 53. Q8b7 Be7 54. Qxe7 Kb1 55. Qe1+ Kc2 {[#]} 56. Qd4 $1 {[%mdl 576] Double Attack} a1=B 57. Qxa1 Ne2 58. Qdd1#) 51... Nxa2 52. f4 $2 (52. Qg8 $18 Nc1 53. f4) 52... c4 $11 {The position is equal.} 53. Qg7+ c3 54. Qd4 Kb1 (54... Kb3 $5 {[%cal Rc3c2]} 55. Qd5+ Kb2 $11) 55. Qd1+ Kb2 56. Qd4 Kb3 57. Qd3 Kb2 58. Qd4 Kb1 59. Qg1+ Kb2 60. Qd4 Kb3 {aiming for ...c2.} 61. Qd3 {Qb1+ is the strong threat.} Kb2 62. Qd4 Kb3 63. Qd5+ Ka3 {And now ...c2 would win.} 64. Qd3 {Black must now prevent Qc2.} Kb2 {Threatens to win with ...c2.} 65. Qd4 {Blacks defense is rewarded with a draw. Accuracy: White = 66%, Black = 52%.} 1/2-1/2

[Event "Chesscup Blitz 2020"]
[Site "Katowice"]
[Date "2020.09.12"]
[Round "12.6"]
[White "Golubka, Petro"]
[Black "Jakubowska, Anna"]
[Result "1/2-1/2"]
[WhiteElo "2488"]
[BlackElo "2051"]
[Annotator "TA"]
[PlyCount "92"]
[EventDate "2020.09.12"]
[EventType "swiss"]
[EventCountry "POL"]
[SourceTitle "playchess.com"]
[Source "ChessBase"]
[SourceQuality "1"]

{[%evp 9,92,14,14,11,27,0,0,-4,2,0,28,0,39,26,63,26,99,102,120,110,155,157,157,149,126,116,131,117,188,191,168,174,168,142,115,125,348,344,333,334,470,401,481,263,290,-14,113,-64,-64,-64,-64,-100,-92,-206,0,0,0,-156,94,92,78,18,374,108,117,0,0,-777,0,0,17,8,168,-218,76,-191,0,0,0,0,0,0,0,0,0]} 1. d4 d5 2. Nf3 Nf6 3. Bf4 c6 4. e3 Bg4 5. Be2 e6 6. O-O {D02: 1 d4 d5 2 Nf3 sidelines, including 2...Nf6 3 g3 and 2...Nf6 3 Bf4.} Be7 {[#]} 7. a4 $146 ({Predecessor:} 7. h3 Bh5 8. c4 O-O 9. Qb3 Qc8 10. Nc3 Nbd7 11. Rac1 Ne4 12. Qd1 Nxc3 13. Rxc3 {0-1 (60) Yanik,E (1911)-Eraslan,Y (1651) Konya 2019}) 7... O-O 8. h3 Bxf3 9. Bxf3 Nbd7 10. a5 c5 11. c3 Rc8 12. Qa4 c4 (12... Ne8 $11) 13. Nd2 $16 h6 14. Rfb1 Re8 15. b3 cxb3 16. Qxb3 b6 17. c4 bxa5 18. cxd5 Bb4 (18... Nxd5 $16 {is a better defense.} 19. Bxd5 exd5) 19. dxe6 $18 Rxe6 20. Nc4 Ne4 21. Bxe4 Rxe4 22. Nd6 Rxf4 $2 (22... Bxd6 $16 {was called for.} 23. Bxd6 Re6) 23. Nxc8 Rf6 24. Nxa7 Qb6 (24... Nb6 $142 25. Qd3 Qd7) 25. Qa4 Nf8 26. Nb5 (26. Rc1 $142) 26... Rg6 27. e4 $2 ({White should play} 27. Na3 $18) 27... Qe6 (27... Ne6 $1 $11 {remains equal.}) 28. Qb3 $2 (28. Rb3 $1 $16) 28... Qxe4 $15 {[%csl Gg6][%cal Re4g2]} 29. g3 Ne6 $1 {[%cal Re6f4] ( -> ...Nf4)} 30. Qe3 Qf5 $40 {[%mdl 128] Black goes for the king.} 31. Nc3 (31. Rxb4 $17 {was necessary.} axb4 32. Nd6) 31... Nf4 $2 (31... Ng5 $1 $19 {[%cal Rg5h3]} 32. Na4 Qd5) 32. Ne4 $11 Nxh3+ 33. Kh2 $2 (33. Kg2 $1 $11) 33... Be7 $2 (33... Re6 $17 {keeps the pressure on.} 34. f3 Ng5) 34. Rb8+ $16 Kh7 35. Rab1 (35. Qe2 $16) 35... a4 $2 {[%mdl 8192]} (35... Bg5 $1 $11 36. Qe1 Qg4) 36. R8b7 $2 (36. R1b5 $18 {and the rest is easy.} Qe6 37. Re5) 36... Bg5 37. Nxg5+ ({Only move:} 37. Qe2 $1 $16 {g4 is the strong threat.} Re6 38. f3) 37... Nxg5 $11 38. Kg2 $2 {[%mdl 8192]} (38. R7b6 $11) 38... Qh3+ $2 (38... Re6 $19 39. Qc3 Re2 $1 {[%mdl 512]}) 39. Kg1 Qf5 {And now ...Nf3+ would win.} (39... Rf6 $5 40. f4 $8 Ne6 41. Qd3+ g6 $11) 40. R7b5 Qh3 $2 (40... Nf3+ $11 {and Black has nothing to worry.} 41. Kg2 Nh4+ 42. Kf1 Qh3+ 43. Ke2 Nf5) 41. d5 $4 {[%mdl 8192] [#]} (41. Qd3 $18 {is the narrow road to win.}) 41... Qg4 $2 (41... Rf6 $1 $19 42. f4 Rg6) 42. d6 $2 {[%mdl 8192]} (42. R5b4 $16 Qf5 43. Rd1) 42... Nf3+ $2 ({Better is} 42... Rxd6 $19 43. R5b2 Qd7) 43. Kg2 {The position is equal.} Nh4+ $1 44. Kg1 Nf3+ 45. Kg2 Nh4+ $1 46. Kg1 Nf3+ {Accuracy: White = 38%, Black = 41%.} 1/2-1/2

[Event "Chesscup Blitz 2020"]
[Site "Katowice"]
[Date "2020.09.12"]
[Round "12.7"]
[White "Krasenkow, Michal"]
[Black "Dzierzak, Boguslaw"]
[Result "1-0"]
[WhiteElo "2605"]
[BlackElo "1961"]
[Annotator "TA"]
[PlyCount "73"]
[EventDate "2020.09.12"]
[EventType "swiss"]
[EventCountry "POL"]
[SourceTitle "playchess.com"]
[Source "ChessBase"]
[SourceQuality "1"]

{[%evp 11,73,46,54,0,10,19,48,29,39,24,51,22,88,46,86,90,87,87,93,90,100,87,93,81,94,80,113,75,90,81,85,76,70,77,78,80,102,57,84,91,66,52,107,86,87,87,98,102,144,126,133,120,319,319,413,265,412,293,1217,901,6813,2957,29997,2539]} 1. d4 Nf6 2. c4 e6 3. Nf3 Bb4+ 4. Nbd2 d5 5. Qa4+ Nc6 6. a3 Be7 7. b4 $5 {[%mdl 4] An interesting side line. E11: Bogo-Indian.} ({White should play} 7. e3 $14) 7... O-O 8. e3 a6 9. Bb2 {[#] White is slightly better.} dxc4 $146 ({Predecessor:} 9... Bd7 10. Qc2 a5 11. b5 Na7 12. Ne5 dxc4 13. Nxd7 Qxd7 14. Qxc4 c6 15. bxc6 Nxc6 {0-1 (35) Chu,W (2369)-Bu,X (2710) Zhongshan 2014}) 10. Bxc4 Bd7 {[#] ...b5 is the strong threat.} 11. Qc2 Na7 (11... a5 $11) 12. e4 Bb5 13. O-O c6 14. Rfe1 Bxc4 15. Nxc4 Nc8 16. Bc3 Nb6 17. Na5 Rb8 18. Rac1 Nbd7 19. Bb2 Qb6 20. Red1 Rbc8 21. Ne5 Rfd8 22. Nec4 Qc7 23. Ne3 h6 24. e5 Nd5 25. Nxd5 exd5 26. f4 Nf8 ({Black should try} 26... Rf8 $14) 27. f5 Bg5 28. Rb1 Re8 29. Qf2 Qb6 {White should prevent ...Rxe5!} 30. h4 Be7 31. Bc1 {Threatens to win with f6.} Qb5 $2 {[#] Black cannot hold the game after this.} (31... c5 $16 {keeps fighting.}) 32. f6 $18 Bd8 33. fxg7 Ng6 (33... Ne6 $142 34. Bxh6 (34. Rf1 Rc7 $16) 34... Rc7) 34. h5 Ne7 $2 (34... Nxe5 35. a4 (35. Bxh6 Ng4 $14) 35... Ng4 36. axb5 Nxf2 37. Kxf2 Bxa5 38. bxa5 cxb5 39. Bxh6 Rc6) 35. Bxh6 Qa4 36. Rf1 Qc2 37. Qxc2 {Accuracy: White = 74%, Black = 44%.} (37. Qxf7+ $142 Kh7 38. g8=Q+ Kxh6 39. Qgg7#) 1-0

[Event "Chesscup Blitz 2020"]
[Site "Katowice"]
[Date "2020.09.12"]
[Round "12.8"]
[White "Faron, Rafal"]
[Black "Socko, Bartosz"]
[Result "0-1"]
[WhiteElo "2224"]
[BlackElo "2601"]
[Annotator "TA"]
[PlyCount "78"]
[EventDate "2020.09.12"]
[EventType "swiss"]
[EventCountry "POL"]
[SourceTitle "playchess.com"]
[Source "ChessBase"]
[SourceQuality "1"]

{[%evp 20,78,19,18,22,0,14,0,0,0,37,35,37,31,42,0,41,0,0,0,15,-16,0,-21,-22,-16,-16,-22,-22,-26,-20,-31,-37,-62,-16,-43,-14,-18,-10,-10,-19,-24,-25,-60,-55,-82,-77,-62,-68,-82,-36,-82,-82,-82,-82,-181,-177,-178,-177,-196,-205]} 1. c4 e5 2. g3 Nf6 3. Bg2 c6 4. Nf3 d6 5. Nc3 Nbd7 6. d3 g6 7. O-O Bg7 8. Rb1 a5 9. a3 {[%cal Ba2a3,Ba3b4,Bb4b5][%mdl 32]} O-O 10. b4 axb4 11. axb4 Re8 {A24: English Opening vs King's Indian: Lines without ...Nc6.} 12. b5 Qc7 13. Nd2 Nc5 {The position is equal.} 14. Nb3 {[#]} Nxb3 $146 ({Predecessor:} 14... Ne6 15. Bd2 Nd4 16. e3 Bg4 17. f3 Nxb3 18. Qxb3 Be6 19. bxc6 bxc6 20. Qb6 Rec8 {1-0 (66) Shtembuliak,E (2516)-Boros,D (2439) Saint Louis 2019}) 15. Qxb3 Be6 16. bxc6 bxc6 17. Qb7 Rac8 18. Ba3 {[#] aiming for Qxc7.} Bf8 19. Qxc7 Rxc7 20. Rb6 Rec8 21. Rfb1 d5 22. Bxf8 Kxf8 23. cxd5 cxd5 24. Nd1 d4 25. Kf1 Rc2 26. R6b2 h5 27. h3 Kg7 28. Ke1 g5 29. Rxc2 Rxc2 30. Rb2 Rc5 31. Kd2 h4 32. g4 Bd5 33. Bxd5 Nxd5 $17 {[%mdl 4096] Endgame KRN-KRN} 34. e3 $1 Kf6 35. Rc2 Ra5 36. Ke2 Ra1 37. Rc6+ (37. Rb2 $17 {was necessary.}) 37... Ke7 $19 {Black is clearly better.} 38. Rc2 dxe3 39. fxe3 {[#]} Rxd1 $1 {[%mdl 576] Remove Defender. Accuracy: White = 60%, Black = 78%.} 0-1

[Event "Chesscup Blitz 2020"]
[Site "Katowice"]
[Date "2020.09.12"]
[Round "12.9"]
[White "Sztwiertnia, Jan Krzysztof"]
[Black "Lewicki, Miroslaw"]
[Result "1-0"]
[WhiteElo "2113"]
[BlackElo "2348"]
[Annotator "TA"]
[PlyCount "51"]
[EventDate "2020.09.12"]
[EventType "swiss"]
[EventCountry "POL"]
[SourceTitle "playchess.com"]
[Source "ChessBase"]
[SourceQuality "1"]

{[%evp 16,51,27,28,30,34,70,38,97,102,139,140,171,52,93,64,193,177,189,195,466,456,379,149,345,172,223,146,187,64,164,172,1357,533,530,515,438,422]} 1. e4 c5 2. c3 e6 3. d4 cxd4 4. cxd4 Nf6 5. e5 Nd5 6. Nf3 Nc6 7. Bc4 Nb6 8. Bb3 d6 9. Qe2 dxe5 {B22: Sicilian: 2 c3.} 10. dxe5 Bb4+ 11. Nc3 Bd7 (11... Nd5 $14 12. Bd2 Nxc3 13. bxc3 Bc5) 12. O-O $16 Bxc3 13. bxc3 Qc7 {[#]} 14. Qe4 $146 (14. Ba3 $18) ({Predecessor:} 14. Ba3 Na5 15. Bd6 Qc8 16. c4 Naxc4 17. Rac1 Nxd6 18. Rxc8+ Ndxc8 19. Nd4 {1-0 (31) Egri,L (2150)-Gombocz,Z (2105) Hungary 1998}) 14... Na5 15. Qg4 g6 (15... O-O-O $1 $14) 16. Bg5 Nxb3 17. axb3 Qxc3 $2 (17... Bc6 18. Bf6 Bxf3 19. Qxf3 Rg8) 18. Bf6 $18 Rg8 19. Rac1 $2 (19. Rfc1 $18 {and the rest is easy.} h5 20. Qh4 (20. Rxc3 hxg4 21. Ng5 Nd5 $11) 20... Qxb3 21. Nd2) 19... Qxb3 $2 (19... h5 $16 {was called for.} 20. Qh4 (20. Rxc3 hxg4 21. Ng5 Nd5 $11) 20... Qxb3) 20. Rb1 (20. Nd2 $142 Qa4 21. Nc4) 20... Qa4 (20... Qa3 {is a better defense.} 21. Ng5 Bc6) 21. Rb4 $40 {[%mdl 1152] White has strong compensation. White has strong attack.} Qc6 22. Nd4 ({White should play} 22. Rd4 $18) 22... Qc5 ({Black should try} 22... h5 $14 23. Nxc6 hxg4) 23. Nb3 Qc2 $2 {[#]} (23... Qc3) 24. Rc1 (24. Rxb6 $142 $1 {[%mdl 512] Qb4! would kill now.} Qc7 (24... axb6 25. Qb4) 25. Rd6) 24... Qb2 {[#]} 25. Rxb6 $1 {[%mdl 512]} axb6 26. Qb4 {Accuracy: White = 39%, Black = 11%.} 1-0